000 00319nam a2200121Ia 4500
008 241028s9999 xx 000 0 und d
041 _aeng
082 _a382 STE
100 _aEvelyn Stewart
245 _aHandbook Of International Trade
260 _bMurphy & Moore Publishing
_aNew York
_c2021
300 _a231;.P. 25 cm
999 _c42768
_d42768